MARC details
| 000 -CABECERA |
| campo de control de longitud fija |
02044nam a2200349 i 4500 |
| 001 - NÚMERO DE CONTROL |
| campo de control |
000024676 |
| 003 - IDENTIFICADOR DEL NÚMERO DE CONTROL |
| campo de control |
DO-SdBNP |
| 005 - FECHA Y HORA DE LA ÚLTIMA TRANSACCIÓN |
| campo de control |
20260415100252.0 |
| 007 - CAMPO FIJO DE DESCRIPCIÓN FÍSICA--INFORMACIÓN GENERAL |
| campo de control de longitud fija |
ta |
| 008 - DATOS DE LONGITUD FIJA--INFORMACIÓN GENERAL |
| campo de control de longitud fija |
110202s2010 dr f000 0 spa d |
| 040 ## - FUENTE DE LA CATALOGACIÓN |
| Centro catalogador/agencia de origen |
DO-SdBNP |
| Lengua de catalogación |
spa |
| Centro/agencia transcriptor |
BNPHU |
| Normas de descripción |
rda |
| 041 ## - CÓDIGO DE LENGUA |
| Código de lengua del texto/banda sonora o título independiente |
spa |
| 082 #4 - NÚMERO DE LA CLASIFICACIÓN DECIMAL DEWEY |
| Número de clasificación |
342.729302 |
| Número de documento/Ítem |
R426co 2010 |
| Número de edición |
22 |
| 110 1# - ENTRADA PRINCIPAL--NOMBRE DE ENTIDAD CORPORATIVA |
| Nombre de entidad corporativa o nombre de jurisdicción como elemento de entrada |
República Dominicana. |
| 9 (RLIN) |
447 |
| 240 10 - TÍTULO UNIFORME |
| Título uniforme |
Constitución (2010) |
| 245 10 - MENCIÓN DE TÍTULO |
| Título |
Constitución Dominicana / |
| Mención de responsabilidad, etc. |
presentación, Reinaldo Pared Pérez, Julio César Valentín Jiminián. |
| 250 ## - MENCIÓN DE EDICIÓN |
| Mención de edición |
segunda edición |
| 264 #1 - PRODUCCIÓN, PUBLICACIÓN, DISTRIBUCIÓN, FABRICACIÓN Y COPYRIGHT |
| Producción, publicación, distribución, fabricación y copyright |
Santo Domingo : |
| Nombre del de productor, editor, distribuidor, fabricante |
Alfa y Omega; |
| -- |
Cámara de Diputados de la República Dominicana, |
| Fecha de producción, publicación, distribución, fabricación o copyright |
2010. |
| 300 ## - DESCRIPCIÓN FÍSICA |
| Extensión |
130 páginas ; |
| Dimensiones |
21 cm. |
| 336 ## - TIPO DE CONTENIDO |
| Término de tipo de contenido |
texto |
| Código de tipo de contenido |
txt |
| Fuente |
rdacontent |
| 337 ## - TIPO DE MEDIO |
| Nombre/término del tipo de medio |
sin mediación |
| Código del tipo de medio |
n |
| Fuente |
rdamedia |
| 338 ## - TIPO DE SOPORTE |
| Nombre/término del tipo de soporte |
volumen |
| Código del tipo de soporte |
nc |
| Fuente |
rdacarrier |
| 505 0# - NOTA DE CONTENIDO CON FORMATO |
| Nota de contenido con formato |
Presentación / |
| Mención de responsabilidad |
Reinaldo Pared Pérez, Julio César Valentín Jiminián -- |
| Título |
Preámbulo -- |
| -- |
De la Nación, del Estado, de su gobierno y de sus principios fundamentales -- |
| -- |
De los derechos, garantías y deberes fundamentales -- |
| -- |
Del Poder Legislativo -- |
| -- |
Del Poder Ejecutivo -- |
| -- |
Del Poder Judicial -- |
| -- |
Del Consejo Nacional de la Magistratura -- |
| -- |
Del control constitucional -- |
| -- |
Del Defensor del Pueblo -- |
| -- |
Del ordenamiento del territorio y de la administración local -- |
| -- |
Del Sistema electoral -- |
| -- |
Del régimen económico y financiero y de la Cámara de Cuentas -- |
| -- |
De las Fuerzas Armadas, de la Policía Nacional y de la Seguridad y Defensa -- |
| -- |
De los Estados de Excepción -- |
| -- |
De las Reformas Constitucionales -- |
| Información miscelánea |
Disposiciones generales y transitorias -- |
| -- |
Firmas. |
| 590 ## - NOTA LOCAL (RLIN) |
| Nota local |
Inventariado, 2018/ YL |
| 651 #4 - PUNTO DE ACCESO ADICIONAL DE MATERIA--NOMBRE GEOGRÁFICO |
| Nombre geográfico |
República Dominicana |
| Subdivisión general |
Constitución (2010{Rpara} |
| 9 (RLIN) |
35654 |
| 651 #4 - PUNTO DE ACCESO ADICIONAL DE MATERIA--NOMBRE GEOGRÁFICO |
| Nombre geográfico |
República Dominicana |
| Subdivisión geográfica |
Derecho constitucional |
| 9 (RLIN) |
449 |
| 700 1# - PUNTO DE ACCESO ADICIONAL--NOMBRE DE PERSONA |
| Nombre de persona |
Pared Pérez, Reinaldo, |
| Término indicativo de función/relación |
presentación |
| 9 (RLIN) |
50599 |
| 700 1# - PUNTO DE ACCESO ADICIONAL--NOMBRE DE PERSONA |
| Nombre de persona |
Valentín Jiminían, Julio César, |
| Fechas asociadas al nombre |
1966- |
| Término indicativo de función/relación |
presentación |
| 9 (RLIN) |
15248 |
| 710 2# - PUNTO DE ACCESO ADICIONAL--NOMBRE DE ENTIDAD CORPORATIVA |
| Nombre de entidad corporativa o nombre de jurisdicción como elemento de entrada |
Asamblea Nacional de la República Dominicana |
| 9 (RLIN) |
50600 |
| 910 ## - DATOS DE OPCIÓN DEL USUARIO (OCLC) |
| Datos de opción del usuario |
Validado. Control de calidad EMS |
| 942 ## - ELEMENTOS DE PUNTO DE ACCESO ADICIONAL (KOHA) |
| Fuente del sistema de clasificación o colocación |
Dewey Decimal Classification |
| Tipo de ítem Koha |
Libro |